[Event "Moscow-ch Silent"]
[Site "Moscow"]
[Date "2017.08.16"]
[Round "2"]
[White "Muratov, Lir"]
[Black "Grashin, Mikhail"]
[Result "1-0"]
[WhiteElo "1901"]
[BlackElo "1568"]
[PlyCount "49"]
[EventDate "2017.08.15"]
[EventType "tourn"]
[EventRounds "11"]
[EventCountry "RUS"]
[SourceTitle "EXT 2022"]
[Source "ChessBase"]
[SourceDate "2021.10.06"]
[SourceVersion "1"]
[SourceVersionDate "2021.10.06"]
[SourceQuality "1"]

1. e4 e5 2. Nf3 d6 3. d4 exd4 4. Nxd4 Be7 5. Bc4 c6 6. 0-0 d5 7. exd5 cxd5 8. Bb5+ Bd7 9. Bxd7+ Nxd7 10. Re1 g6 11. Bf4 Qb6 12. Nb3 Qf6 13. Qd4 Qxd4 14. Nxd4 f6 15. Nb5 Kf7 16. N1c3 Bb4 17. Rad1 Ne7 18. a3 g5 19. Bg3 Bxc3 20. Nxc3 Nf5 21. Rxd5 Rhe8 22. Rxd7+ Kg6 23. Rxe8 Rxe8 24. Kf1 Nxg3+ 25. hxg3 1-0

[Event "Zelenograd-ch"]
[Site "Zelenograd"]
[Date "2016.09.23"]
[Round "8"]
[White "Muratov, Lir"]
[Black "Tubakin, Leonid"]
[Result "0-1"]
[WhiteElo "1952"]
[BlackElo "1981"]
[PlyCount "74"]
[EventDate "2016.09.19"]
[EventType "swiss"]
[EventRounds "11"]
[EventCountry "RUS"]
[SourceTitle "EXT 2017"]
[Source "ChessBase"]
[SourceDate "2016.10.25"]
[SourceVersion "1"]
[SourceVersionDate "2016.10.25"]
[SourceQuality "1"]

1. e4 Nc6 2. d4 d5 3. Nc3 dxe4 4. d5 Nb4 5. a3 Na6 6. Bxa6 bxa6 7. Nxe4 e6 8. Nc3 Bb7 9. Nf3 exd5 10. 0-0 Nf6 11. Bf4 Be7 12. Re1 0-0 13. Qd3 c6 14. Re2 h6 15. Rae1 Bd6 16. Bxd6 Qxd6 17. Re7 Rab8 18. Na4 Rfe8 19. Rxe8+ Rxe8 20. Rxe8+ Nxe8 21. Qe3 Nf6 22. Qxa7 Qf4 23. h3 Qc1+ 24. Kh2 Qf4+ 25. Kh1 Qxa4 26. Qxb7 Qxc2 27. Qxa6 Qxb2 28. Qxc6 Qxa3 29. Qc8+ Qf8 30. Qf5 Qc5 31. Ne1 Qc1 32. Qe5 Ne4 33. Qb8+ Kh7 34. Qb4 Nd2 35. Qe7 Ne4 36. Qb4 Nxf2+ 37. Kg1 Nd3 0-1

[Event "Zelenograd-ch"]
[Site "Zelenograd"]
[Date "2016.09.20"]
[Round "3"]
[White "Muratov, Lir"]
[Black "Kudriavtsev, Yury"]
[Result "0-1"]
[WhiteElo "1952"]
[BlackElo "1845"]
[PlyCount "150"]
[EventDate "2016.09.19"]
[EventType "swiss"]
[EventRounds "11"]
[EventCountry "RUS"]
[SourceTitle "EXT 2017"]
[Source "ChessBase"]
[SourceDate "2016.10.25"]
[SourceVersion "1"]
[SourceVersionDate "2016.10.25"]
[SourceQuality "1"]

1. e4 d6 2. d4 Nf6 3. Nc3 e6 4. Bb5+ c6 5. Ba4 Be7 6. Nge2 0-0 7. 0-0 b5 8. Bb3 Bb7 9. Ng3 Nbd7 10. Re1 a5 11. a4 b4 12. Nce2 Qc7 13. Nf4 d5 14. exd5 cxd5 15. Nd3 Bd6 16. Bd2 Ne4 17. Rc1 Qb6 18. Be3 Rac8 19. Nxe4 dxe4 20. Ne5 Qc7 21. Nxd7 Qxd7 22. Qg4 Rfe8 23. Bh6 g6 24. Qg5 Bf8 25. Bxf8 Rxf8 26. Qxa5 Qxd4 27. c3 bxc3 28. bxc3 Qc5 29. Qxc5 Rxc5 30. c4 Ra8 31. h3 Bc6 32. Re2 f5 33. Ra2 Kg7 34. Rca1 Raa5 35. Rd1 Kf6 36. Rd8 Ra7 37. Rc8 Raa5 38. Rc7 h5 39. Rd2 Be8 40. Rxc5 Rxc5 41. Rd8 Ke7 42. Ra8 Bc6 43. Ra7+ Kd6 44. a5 Bd7 45. Ra8 Rc8 46. Ra6+ Rc6 47. Ra7 Rc7 48. Ra6+ Kc5 49. Rb6 Ra7 50. Rb8 Rxa5 51. Rg8 Ra3 52. Rb8 Ra1+ 53. Kh2 Rb1 54. Rb7 Bc6 55. Rb8 Rb2 56. Kg3 e5 57. Rg8 Rxb3+ 58. Kh2 f4 59. Rxg6 e3 60. fxe3 fxe3 61. Re6 Kd4 62. Kg3 Ba8 63. c5 Rb2 64. c6 Kd5 65. c7 Rc2 66. Re8 Bb7 67. Rb8 Rxc7 68. Kf3 Kd4+ 69. Ke2 Bxg2 70. Rb4+ Kd5 71. Kxe3 Bxh3 72. Rh4 Bg4 73. Rh1 Rc3+ 74. Kd2 Ra3 75. Kc2 Kd4 0-1

[Event "Zelenograd-ch"]
[Site "Zelenograd"]
[Date "2016.09.19"]
[Round "1"]
[White "Muratov, Lir"]
[Black "Fomichev, Sergey1111"]
[Result "0-1"]
[WhiteElo "1952"]
[BlackElo "2051"]
[PlyCount "36"]
[EventDate "2016.09.19"]
[EventType "swiss"]
[EventRounds "11"]
[EventCountry "RUS"]
[SourceTitle "EXT 2017"]
[Source "ChessBase"]
[SourceDate "2016.10.25"]
[SourceVersion "1"]
[SourceVersionDate "2016.10.25"]
[SourceQuality "1"]

1. e4 e5 2. Nf3 Nf6 3. Nc3 Nc6 4. d4 exd4 5. Nxd4 Bb4 6. Nxc6 dxc6 7. Qxd8+ Kxd8 8. Bd2 Re8 9. 0-0-0 Ke7 10. f3 Kf8 11. a3 Ba5 12. Bc4 b5 13. Ba2 Be6 14. Bxe6 Rxe6 15. Ne2 Bb6 16. Bf4 Nh5 17. Rd3 f5 18. Ng3 Nxf4 0-1

[Event "Opatija Silent op"]
[Site "Opatija"]
[Date "2014.06.26"]
[Round "8"]
[White "Hoyer, Olaf"]
[Black "Muratov, Lir"]
[Result "1-0"]
[WhiteElo "1891"]
[BlackElo "2066"]
[PlyCount "83"]
[EventDate "2014.06.19"]
[EventType "swiss"]
[EventRounds "9"]
[EventCountry "CRO"]
[SourceTitle "CBM 161 Extra"]
[Source "ChessBase"]
[SourceDate "2014.08.29"]
[SourceVersion "1"]
[SourceVersionDate "2014.08.29"]
[SourceQuality "1"]

1. e4 c5 2. a3 e6 3. b4 cxb4 4. axb4 Bxb4 5. Bb2 Nf6 6. e5 Nd5 7. c4 Nf4 8. Qg4 Ng6 9. h4 h5 10. Qg3 d5 11. Bd3 Rh6 12. Nf3 dxc4 13. Bxc4 Kf8 14. 0-0 Be7 15. Ng5 Nxh4 16. Ba3 Nf5 17. Qf4 Qd4 18. Qxd4 Nxd4 19. Bxe7+ Kxe7 20. Na3 Bd7 21. Ne4 Bc6 22. Nd6 Nd7 23. f4 Rg6 24. Rf2 f5 25. Nab5 Nxb5 26. Bxb5 a5 27. d4 Bxb5 28. Nxb5 Rg3 29. d5 exd5 30. Nc7 Ra7 31. Nb5 Ra6 32. Nc7 Rc6 33. Nxd5+ Kf7 34. Rxa5 Rc1+ 35. Kh2 Rd3 36. Rb2 h4 37. Rxb7 Rdd1 38. Rxd7+ Kg8 39. Ra8+ Kh7 40. Nf6+ Kg6 41. Rxd1 Rxd1 42. Ne8 1-0

[Event "Opatija Silent op"]
[Site "Opatija"]
[Date "2014.06.23"]
[Round "6"]
[White "Schmid, Jaroslav"]
[Black "Muratov, Lir"]
[Result "0-1"]
[WhiteElo "2044"]
[BlackElo "2066"]
[PlyCount "60"]
[EventDate "2014.06.19"]
[EventType "swiss"]
[EventRounds "9"]
[EventCountry "CRO"]
[SourceTitle "CBM 161 Extra"]
[Source "ChessBase"]
[SourceDate "2014.08.29"]
[SourceVersion "1"]
[SourceVersionDate "2014.08.29"]
[SourceQuality "1"]

1. e4 e5 2. Nf3 Nc6 3. Bb5 a6 4. Ba4 f5 5. Bxc6 dxc6 6. exf5 e4 7. Qe2 Qe7 8. Nd4 c5 9. Ne6 Bxe6 10. fxe6 Qxe6 11. d3 Nf6 12. Nc3 0-0-0 13. dxe4 Bd6 14. f3 Be5 15. Bd2 Bd4 16. Nd1 c4 17. Be3 Rhe8 18. 0-0 Qb6 19. c3 Bxe3+ 20. Nxe3 Rd3 21. Rfe1 Red8 22. Qf2 Rd2 23. Qg3 R8d3 24. Qf4 Kb8 25. Kh1 Qxb2 26. e5 Ne8 27. Qf7 Rxe3 28. Qxe8+ Ka7 29. Reb1 Qxc3 30. Qe7 Qxe5 0-1

[Event "Opatija Silent op"]
[Site "Opatija"]
[Date "2014.06.19"]
[Round "1"]
[White "Muratov, Lir"]
[Black "Petrenko, Mikhail"]
[Result "0-1"]
[WhiteElo "2066"]
[BlackElo "1706"]
[PlyCount "94"]
[EventDate "2014.06.19"]
[EventType "swiss"]
[EventRounds "9"]
[EventCountry "CRO"]
[SourceTitle "CBM 161 Extra"]
[Source "ChessBase"]
[SourceDate "2014.08.29"]
[SourceVersion "1"]
[SourceVersionDate "2014.08.29"]
[SourceQuality "1"]

1. e4 c5 2. c3 d6 3. d4 cxd4 4. cxd4 Nf6 5. Nc3 e6 6. Nf3 Be7 7. Bb5+ Bd7 8. Bxd7+ Nbxd7 9. 0-0 Nb6 10. b3 Rc8 11. Bb2 0-0 12. Qe2 a6 13. Rac1 Nh5 14. g3 g6 15. Rc2 Qd7 16. Kg2 Ng7 17. Rfc1 f5 18. Re1 f4 19. Qd3 g5 20. h3 Qe8 21. Rec1 Qg6 22. g4 h5 23. Qe2 Ne8 24. Na4 Rxc2 25. Rxc2 Nxa4 26. bxa4 hxg4 27. hxg4 Rf7 28. Rc1 Rh7 29. Rh1 Rxh1 30. Kxh1 Nf6 31. Nd2 Qh6+ 32. Kg1 Qh3 33. f3 Qg3+ 34. Qg2 Qe1+ 35. Kh2 Nh7 36. Ba3 Nf8 37. e5 Ng6 38. Ne4 Nh4 39. Qf2 Qd1 40. exd6 Nxf3+ 41. Kg2 Nh4+ 42. Kh2 Bd8 43. Nd2 Qxd2 44. Qxd2 Nf3+ 45. Kg2 Nxd2 46. Bc5 Ne4 47. Kf3 Nf6 0-1

[Event "Zelenograd Silent op"]
[Site "Zelenograd"]
[Date "2013.06.10"]
[Round "9"]
[White "Bakurov, Viacheslav"]
[Black "Muratov, Lir"]
[Result "0-1"]
[WhiteElo "1886"]
[BlackElo "2116"]
[PlyCount "178"]
[EventDate "2013.06.02"]
[EventType "swiss"]
[EventRounds "9"]
[EventCountry "RUS"]
[SourceTitle "EXT 2015"]
[Source "ChessBase"]
[SourceDate "2014.11.20"]
[SourceVersion "1"]
[SourceVersionDate "2014.11.20"]
[SourceQuality "1"]

1. Nf3 d5 2. d4 Nf6 3. g3 Bg4 4. Bg2 Qc8 5. 0-0 Bh3 6. Bf4 Bxg2 7. Kxg2 e6 8. Nbd2 Bd6 9. Be5 0-0 10. Bxf6 gxf6 11. e4 c6 12. h4 Kh8 13. e5 Be7 14. h5 f5 15. Rh1 Rg8 16. Nh4 Qf8 17. Qf3 Qh6 18. Nf1 Nd7 19. Ne3 Rg5 20. Qf4 Rag8 21. Kf1 Rxh5 22. Qxh6 Rxh6 23. Neg2 Rg4 24. c3 f6 25. exf6 Nxf6 26. Re1 Ne4 27. Rg1 Rg7 28. Ke2 Bd6 29. Nf3 Rf6 30. Nd2 e5 31. dxe5 Bxe5 32. Nf3 Bc7 33. Nd4 Bb6 34. Nf4 Bxd4 35. cxd4 Rh6 36. Rg2 a6 37. Reg1 Ng5 38. Nd3 Nh3 39. Rc1 Rg4 40. Ne5 Re4+ 41. Kf1 Ng5 42. Rg1 Rxd4 43. f4 Re6 44. Rg2 Kg7 45. Ke2 Nf7 46. Ke3 Re4+ 47. Kd3 Nxe5+ 48. fxe5 R6xe5 49. Rcc2 Re3+ 50. Kd4 R5e4+ 51. Kc5 Rc4+ 52. Rxc4 dxc4 53. Kxc4 Re5 54. Kd4 Rd5+ 55. Ke3 Kg6 56. Kf4 h5 57. Re2 Rd4+ 58. Kf3 h4 59. gxh4 Rxh4 60. a3 Rh3+ 61. Kf4 Rb3 62. Re6+ Kf7 63. Re2 Kf6 64. Rh2 Ke6 65. Re2+ Kd5 66. Kxf5 Rf3+ 67. Kg4 Rf7 68. Rc2 a5 69. Kg3 a4 70. Kg2 b5 71. Kg1 Rf4 72. Kg2 Rc4 73. Rd2+ Kc5 74. Kf2 Rc1 75. Ke3 Kc4 76. Rd4+ Kb3 77. Rb4+ Ka2 78. Kd2 Rh1 79. Kc2 Rh3 80. Kc1 Rb3 81. Kc2 c5 82. Rg4 Rxb2+ 83. Kc1 Kxa3 84. Rg5 c4 85. Rf5 b4 86. Ra5 Rh2 87. Rf5 Kb3 88. Rf3+ c3 89. Rf1 Ra2 0-1

[Event "RUS-ch Silent"]
[Site "Zelenograd"]
[Date "2012.10.26"]
[Round "9"]
[White "Gerasimov, Aleksander"]
[Black "Muratov, Lir"]
[Result "1/2-1/2"]
[WhiteElo "2219"]
[BlackElo "2117"]
[PlyCount "40"]
[EventDate "2012.10.18"]
[EventType "swiss"]
[EventRounds "9"]
[EventCountry "RUS"]
[SourceTitle "EXT 2022"]
[Source "ChessBase"]
[SourceDate "2021.10.06"]
[SourceVersion "1"]
[SourceVersionDate "2021.10.06"]
[SourceQuality "1"]

1. d4 Nf6 2. c4 e6 3. Nc3 Bb4 4. f3 c5 5. d5 Bxc3+ 6. bxc3 d6 7. e4 e5 8. Bd3 0-0 9. Ne2 Nh5 10. 0-0 g6 11. g4 Ng7 12. Ng3 f5 13. gxf5 gxf5 14. f4 fxe4 15. Bxe4 Bh3 16. Bg2 Bxg2 17. Kxg2 Nd7 18. Rb1 b6 19. Rb2 Qe7 20. Re2 Nf5 1/2-1/2

[Event "RUS-ch Silent"]
[Site "Zelenograd"]
[Date "2011.09.13"]
[Round "3"]
[White "Muratov, Lir"]
[Black "Okrugin, Alexander"]
[Result "1/2-1/2"]
[WhiteElo "2138"]
[BlackElo "2024"]
[PlyCount "39"]
[EventDate "2011.09.12"]
[EventType "swiss"]
[EventRounds "9"]
[EventCountry "RUS"]
[SourceTitle "EXT 2012"]
[Source "ChessBase"]
[SourceDate "2011.11.24"]
[SourceVersion "1"]
[SourceVersionDate "2011.11.24"]
[SourceQuality "1"]

1. e4 e5 2. Nf3 d6 3. d4 exd4 4. Nxd4 Nf6 5. Nc3 Be7 6. Bd3 Nc6 7. Nxc6 bxc6 8. 0-0 0-0 9. f4 d5 10. e5 Ng4 11. Qf3 f5 12. h3 Nh6 13. Ne2 c5 14. c4 c6 15. Ng3 Be6 16. b3 Qd7 17. Kh2 a5 18. Bb2 d4 19. Bc2 g6 20. Qd3 1/2-1/2

[Event "RUS-ch Silent"]
[Site "Zelenograd"]
[Date "2009.09.17"]
[Round "7"]
[White "Varezhkin, Viktor"]
[Black "Muratov, Lir"]
[Result "1-0"]
[WhiteElo "2164"]
[BlackElo "2149"]
[PlyCount "85"]
[EventDate "2009.09.11"]
[EventType "swiss"]
[EventRounds "9"]
[EventCountry "RUS"]
[SourceTitle "EXT 2023"]
[Source "ChessBase"]
[SourceDate "2022.10.05"]
[SourceVersion "1"]
[SourceVersionDate "2022.10.05"]
[SourceQuality "1"]

1. g3 g6 2. Bg2 Bg7 3. d4 d5 4. Nf3 e6 5. 0-0 Ne7 6. Bf4 c5 7. Be5 Bxe5 8. dxe5 0-0 9. Nfd2 f6 10. exf6 Rxf6 11. e4 Nbc6 12. f4 Qb6 13. b3 Bd7 14. c4 d4 15. e5 Rff8 16. g4 Qc7 17. Ne4 Nxe5 18. fxe5 Qxe5 19. Nbd2 Bc6 20. Qe2 Kg7 21. Qd3 Rf4 22. Rxf4 Qxf4 23. Qg3 Qxg3 24. Nxg3 Bxg2 25. Kxg2 Nc6 26. Nge4 b6 27. Ng5 Re8 28. Rf1 Re7 29. Nge4 Ne5 30. Kg3 h6 31. Nd6 Nd3 32. N2e4 e5 33. h4 Nf4 34. h5 Rd7 35. hxg6 Kxg6 36. Nf5 d3 37. Rd1 a6 38. Kf3 Rc7 39. Rh1 Rh7 40. Rh2 Ne6 41. Ke3 Nf4 42. Nh4+ Kf7 43. Nf3 1-0

[Event "RUS-ch Silent"]
[Site "Zelenograd"]
[Date "2009.09.14"]
[Round "4"]
[White "Marievsky, Maxim"]
[Black "Muratov, Lir"]
[Result "0-1"]
[WhiteElo "2077"]
[BlackElo "2149"]
[PlyCount "50"]
[EventDate "2009.09.11"]
[EventType "swiss"]
[EventRounds "9"]
[EventCountry "RUS"]
[SourceTitle "EXT 2023"]
[Source "ChessBase"]
[SourceDate "2022.10.05"]
[SourceVersion "1"]
[SourceVersionDate "2022.10.05"]
[SourceQuality "1"]

1. f4 d5 2. Nf3 Nc6 3. g3 Bg4 4. Ne5 Nxe5 5. fxe5 d4 6. Bg2 c6 7. 0-0 Qc7 8. Rf4 Bh5 9. Rxd4 Qxe5 10. Re4 Qc7 11. Nc3 Nf6 12. Rf4 e5 13. Rc4 Qb6+ 14. d4 exd4 15. Na4 Qb5 16. Qxd4 Rd8 17. Qe3+ Be7 18. b3 Rd1+ 19. Bf1 Qf5 20. Rf4 Qxc2 21. Ba3 Nd5 22. Qe5 0-0 23. Rxd1 Nxf4 24. Qxe7 Ng6 25. Rd8 Nxe7 0-1